000 00341nam a22001457a 4500
003 OSt
005 20220404153046.0
008 211229b |||||||| |||| 00| 0 eng d
020 _a8120318153
040 _cHU
082 _a005.133
100 _aHarris Andy
_926138
245 _aJava 2:
_bFast & easy Web Development
942 _2ddc
_cBOOKS
_n0
999 _c25073
_d25073